Concept formation : knowledge and experience in unsupervised learning

Αποθηκεύτηκε σε:
Λεπτομέρειες βιβλιογραφικής εγγραφής
Άλλοι συγγραφείς: Fisher, Douglas H. (Επιμελητής έκδοσης), Pazzani, Michael J. (Επιμελητής έκδοσης), Langley, Pat (Επιμελητής έκδοσης)
Μορφή: Βιβλίο
Γλώσσα:English
Δημοσίευση: San Mateo : Morgan Kaufman Publishers, c1991
Σειρά:Morgan Kaufmann series in machine learning
Θέματα:
Ετικέτες: Προσθήκη ετικέτας
Δεν υπάρχουν, Καταχωρήστε ετικέτα πρώτοι!

MARC

LEADER 00000nam a2200000 i 4500
001 1/93140
008 991118s1991 eng d
020 |a 1-55860-201-1 
035 |l 10054306 
040 |a GR-MY-UA  |b gre  |e aacr 
041 0 |a eng 
082 0 |a 006.31 
245 1 0 |a Concept formation :  |b knowledge and experience in unsupervised learning /  |c edited by Douglas H. Fisher, Michael J. Pazzani and Pat Langley 
260 |a San Mateo :   |b Morgan Kaufman Publishers,   |c c1991 
300 |a xvi, 472 p. 
490 1 |a Morgan Kaufmann series in machine learning 
504 |a Includes bibliographical references and index 
650 0 0 |a Machine learning. 
650 0 0 |a Concepts. 
700 1 |a Fisher, Douglas H.  |4 edt 
700 0 |a Pazzani, Michael J.  |4 edt 
700 1 |a Langley, Pat.  |4 edt 
830 0 |a Morgan Kaufmann series in machine learning 
852 |a INST  |b CHIOS  |e 19991118  |h 006.31 CON  |p 005200019535  |q 005200019535  |t BK  |y 0 
901 |a BIBL2-1999-3 
909 |a Χ  |b 070144 
922 |a 2ΕΛΗ  |b 199911  |c ΤΝΕΥ  |d ΠΑΠΑΣΩΤΗΡΙΟΥ 
950 |a 125-1999-07-15 
970 |a ΣΠΕΝΤΖΑ  |b ΕΛΕΝΗ  |z 1999/11/24